Athletes by Picture #3 - Statistics

General Stats
  • This quiz has been taken 1,209 times
  • The average score is 6 of 16
Answer Stats
Picture Answer % Correct
Simone Biles
73%
Carmelo Anthony
67%
Rafael Nadal
67%
Zlatan Ibrahimović
59%
Mike Trout
56%
Antonio Brown
55%
Bill Russell
54%
Andy Dalton
51%
Rory McIlroy
31%
Hope Solo
20%
Martin Brodeur
20%
Sugar Ray Leonard
17%
Steffi Graf
15%
Aly Raisman
14%
Virat Kohli
14%
Michelle Wie
8%
No matching quizzes found
Score Distribution
Percent of People with Each Score
Percentile by Number Answered
Your Score History
You have not taken this quiz